Fantasmín y sus amigos [juego] : puzzle /
Guardado en:
| Formato: | Objeto Físico |
|---|---|
| Publicado: |
Argentina :
Implás,
[200?]
|
| Materias: | |
| Etiquetas: |
Agregar Etiqueta
Sin Etiquetas, Sea el primero en etiquetar este registro!
|
| LEADER | 00574nrm a22001575g 4500 | ||
|---|---|---|---|
| 001 | CEM.cems019251 | ||
| 008 | 130507b200?##################0###0#####d | ||
| 005 | 20220830101348.0 | ||
| 003 | CEMS | ||
| 245 | 0 | 0 | |a Fantasmín y sus amigos [juego] : |b puzzle / |c Implás. |
| 260 | |a Argentina : |b Implás, |c [200?] | ||
| 300 | |a 1 juego (70 piezas de cartón) ; en caja 19 x 27 x 4 cm. | ||
| 500 | |a Para 1 ó más jugadores a partir de 3 años objetivo: armar el rompecabezas. | ||
| 082 | 0 | 4 | |a J793.73 |
| 653 | |a 1. juegos de rompecabezas | ||
| 859 | |a CEMS |b BIB. CEMS - Ludoteca |h J793.73 |i Im7 |p 323.06 |t Ej.1 | ||
